Quizzes
Events
Quiz Creation
Community
Videos
Private Events
Remove Ads
Sign In
Join for FREE
Feedback
Dark Mode
Quiz Categories
Sports
Geography
Music
Movies
Television
Just For Fun
Miscellaneous
History
Literature
Language
Science
Gaming
Entertainment
Religion
Holiday
For Kids
Quiz Lab
Recent
Popular Today
Quiz Kudos Today
Editor Picks
Curator Picks
Quizzes by...
Day
Popularity
Type
Ratings
Length
Year
Community
Subscriptions
Recent Discussions
Orange Saloon
Badges
Playlists
Quests
Create
Leaderboards
Showdown
Live 5
Trivia Bingo
Activity
Puzzle Library
Sporcle Events
Private Events
Virtual Trivia
Globe League
Become a Host
Pub Owners
SporcleCon
Opinionation
Our Games
Videos
Blog
Mobile Apps
Partnerships
Remove Ads and Go Orange
Feedback
Geography
Country
Landmarks
City
State
Population
World
Capital
Continent
Flags
Europe
Africa
Asia
South America
North America
Oceania
Border
Canada
United Kingdom
Topography
United States
Geography
Country
Landmarks
City
State
Population
World
Capital
Continent
Flags
Europe
Africa
Asia
South America
North America
Oceania
Border
Canada
United Kingdom
Topography
United States
Random Quiz
Search Sporcle
×
Quiz Lab
Quiz Lab
Geography
Numbers
Type in answers that appear in a list
Type in answers that appear in a list
Classic
Best Score? Go Orange.
Freeways/Highways - LA Metropolitan Area Stats
Can you name the southern California freeway/highway/toll road names from these route numbers?
By
kontrolfreak66
12m
42 Questions
761 Plays
761 Plays
761 Plays
Comments
Comments
Give Quiz Kudos
Give Quiz Kudos
-
- Ratings
hide this ad
Replay
Link that replays current quiz
Next Quiz
Link to next quiz in quiz playlist
You Got
0%
They Got
Avg Score
49%
Avg Friend Score
Upgrade to see
Score Distribution
Jump to the score distribution portion of the page
Score
0/42
Timer
12:00
0
Plays Today
Route Number
Name
% Correct
SR-
1
Pacific Coast Highway
83%
I-
10 west of downtown Los Angeles
Santa Monica Freeway
81.6%
I-
405
San Diego Freeway
80.2%
US-
101 between downtown Los Angeles and SR-
134/
SR-
170 junction
Hollywood Freeway
73.1%
SR-
170
Hollywood Freeway
73.1%
I-
10 between downtown Los Angeles and San Bernardino
San Bernardino Freeway
72.5%
I-
5 north of downtown Los Angeles
Golden State Freeway
71%
SR-
134
Ventura Freeway
71%
I-
710
Long Beach Freeway
71%
US-
101 between SR-
134/
SR-
170 junction and Ventura
Ventura Freeway
71%
I-
5 between downtown Los Angeles and I-
405 junction
Santa Ana Freeway
70.4%
SR-
2
Glendale Freeway
65.7%
SR-
110 north of downtown Los Angeles
Pasadena Freeway
64.4%
SR-
91 between I-
5 and SR-
60
Riverside Freeway
64.3%
I-
110 south of downtown Los Angeles
Harbor Freeway
62.3%
SR-
60 between downtown Los Angeles and SR-
91/
I-
215 junction
Pomona Freeway
59.5%
I-
210
Foothill Freeway
54.3%
SR-
14
Antelope Valley Freeway
51.5%
SR-
57
Orange Freeway
51%
SR-
22
Garden Grove Freeway
47%
SR-
91 between I-
710 and I-
5
Artesia Freeway
46.3%
Route Number
Name
% Correct
I-
105
Century Freeway
45.9%
SR-
55
Costa Mesa Freeway
45.6%
SR-
118
Ronald Reagan Freeway
43.2%
I-
605
San Gabriel River Freeway
42.8%
SR-
33 between Ventura And Ojai
Ojai Freeway
39.2%
I-
15 between I-
215 and Limonite Ave
Ontario Freeway
39.2%
I-
40
Needles Freeway
37.5%
SR-
90
Marina Freeway
37.2%
I-
15 north of I-
215
Mojave Freeway
33.8%
SR-
60 between SR-
91/
I-
215 junction and I-
10
Moreno Valley Freeway
33.4%
SR-
126 between Ventura and Santa Paula
Santa Paula Freeway
32.7%
SR-
91 between I-
110 and I-
710
Gardena Freeway
31.3%
SR-
23
Moorpark Freeway
29.2%
SR-
133 (freeway portion)
Laguna Freeway
28.9%
SR-
103
Terminal Island Freeway
28.4%
SR-
71
Chino Valley Freeway
27.2%
SR-
73 (freeway portion)
Corona Del Mar Freeway
23%
SR-
133 (toll road)
Eastern Toll Road
22.1%
SR-
241
Foothill Toll Road
22.1%
SR-
73 (toll road portion)
San Joaquin Hills Toll Road
21.3%
SR-
47
Seaside Freeway
20.8%
Quiz Playlist
Details
Report
Send in Message
Add To Playlist
Classic:
Type in answers that appear in a list
Last Updated: Aug 22, 2017
Quiz Scoreboard
CHALLENGE
Sign Up to Join the Scoreboard
Show All
Scores
Hide
Comments
May contain spoilers
Recently Published
1-10 Letter E Words III
by El_Dandy
Language
2m
One Thing in Common: World Cities II
by knightlancer
Geography
7m
Popular People in 1961
by mucciniale
History
6m
More to Explore
Quiz From the Vault
Featured Blog Post
Where Did the Easter Bunny Come From?
hide this ad
You Might Also Like...
Tags
Numbers Quiz
area
California
Freeway
metropolitan
route
Southern
Today's Top Quizzes in Geography
Browse Geography
hide this ad
Today's Top Quizzes in Numbers
Browse Numbers
Top Contributed Quizzes in Geography
1
Countries of the World - No Outlines Minefield
2
Top 25 Cities of France on a map
3
Closest Countries to UK A-Z
4
African Flag Reveal XLV
5
Blind Ultimate Minefield: USA
6
One Thing in Common: United Kingdom
7
Blind Secret Country CLXXXVIII
8
One Thing in Common: Asia
9
Find the US States - No Outlines
10
One Thing in Common: Geography
Explore More
Trending Topics
Harry Potter
Disney
Crossword
Anime
Marvel
NBA
Kpop
The Office
Song
WWE
Country
Puzzle
NFL
Pokémon
Soccer
hide this ad
More By:
kontrolfreak66
Quiz
Plays
Rating
Category
Featured
Created
Top 200 US Restaurants (2008 sales)
7,109
3.95
Miscellaneous
Feb 16, 2010
US Death Penalty Crimes Excluding Murder
1,683
4.33
Miscellaneous
Mar 31, 2010
Rolling Stone's 11 Greatest Rock Feuds
1,341
3.55
Music
Dec 1, 2010
US 'Money' Cities
1,276
3.36
Geography
Jun 30, 2010
Freeways/Highways - LA Metropolitan Area
761
3.40
Geography
Nov 7, 2009
Go to Creator's Profile
Score Distribution
Quiz Creator Spotlight
kontrolfreak66
Follow
Send a Message
Quizzes Created
-
Created Quiz Play Count
-
More By This Creator
Popular Quizzes Today
1
Find the US States - No Outlines Minefield
2
Find the Countries of Europe - No Outlines Minefield
3
The Countries of the World
4
Popular People in 1961
5
1-10 Letter E Words III
6
Find the US States
7
One Thing in Common: World Cities II
8
US States
More Geography Quizzes
3 Most Populous Cities: USA
Published
Trending Quizzes
Risky Map Clicking: Least Populous States A-Z
1-10 Letter F Words
1-10 Letter G Words
One Thing in Common: United Kingdom
Risky Map Clicking: Biggest States A-Z
Recently Updated
Leaping Animals
pecheneg
Reality TV Shows (A-Z)
bhenderson79
Rickey Henderson's Hall of Fame Teammates
pecheneg
Champions League XIs: Arsenal
pecheneg
Quick Pick: Celebrities in WWE's Hall of Fame
aduchscher
A-Z Keypad Blitz II
pecheneg
Multiple Oscar Actors
pecheneg
Mystery Phrase Blitz: Oscar 'Best Actors'
pecheneg
F. Scott Fitzgerald Novels
LTH
Pick 3 Villains
ddd62291
Trending Topics
Marvel
Kpop
NBA
Anime
Crossword
Harry Potter
Disney
Pokémon
Soccer
Puzzle
The Office
NFL
WWE
Country
Song
Your Account Isn't Verified!
In order to create a playlist on Sporcle, you need to verify the email address you used during registration. Go to your
Sporcle Settings
to finish the process.
Report this User
Report this user for behavior that violates our
Community Guidelines
.
Details:
Send Report
Go to the Sporcle.com Mobile Site →
Comments